Religion Quiz

Random Religion or Bible Quiz

One Syllable Bible Books Quiz Stats

 Plays Quiz Updated Jun 24, 2014

Support Sporcle.
Go Orange.
Score 0/14 Timer 02:00
0 Plays Today
% Correct
1 John
94.1%
2 John
94%
3 John
94%
John
94%
Luke
90.8%
Mark
89.7%
Ruth
82.6%
% Correct
Job
81.2%
Acts
75.1%
Psalms
70.3%
1 Kings
57.9%
2 Kings
57.9%
Jude
49.9%
James
47.6%

You're not logged in!

Compare scores with friends on all Sporcle quizzes.
OR
Log In

From the Vault

NBA Triple-Doubles (2010s)

by whodeyreds90

Triple-double the fun.
Remove Ads.
Support Sporcle.
Get the best of Sporcle when you Go Orange. This ad-free experience offers more features, more stats, and more fun while also helping to support Sporcle. Thank you for becoming a member.

Show Comments

Extras

Top Quizzes Today


Score Distribution

Your Account Isn't Verified!

In order to create a playlist on Sporcle, you need to verify the email address you used during registration. Go to your Sporcle Settings to finish the process.

Report this User

Report this user for behavior that violates our Community Guidelines.

Details: